NCAA FOOTBALL COLLEGES BY TEAM NAME - Statistics

General Stats
  • This quiz has been taken 245 times
  • The average score is 46 of 60
Answer Stats
Hint Answer % Correct
Wolverines Michigan
96%
Blue Devils Duke
95%
Gators Florida
95%
Fighting Irish Notre Dame
95%
Sooners Oklahoma
95%
Sun Devils Arizona State
93%
Volunteers Tennessee
93%
Nittany Lions Penn State
92%
Badgers Wisconsin
92%
Fighting Illini Illinois
91%
Hurricanes Miami
91%
Hoosiers Indiana
90%
Crimson Tide Alabama
87%
Buckeyes Ohio State
87%
Ducks Oregon
87%
Longhorns Texas
86%
Razorbacks Arkansas
85%
Tar Heels North Carolina
85%
Beavers Oregon State
84%
Horned Frogs TCU
84%
Utes Utah
84%
Golden Gophers Minnesota
83%
Boilermakers Purdue
83%
Jayhawks Kansas
82%
Rainbow Warriors Hawai'i
81%
Hawkeyes Iowa
81%
Cornhuskers Nebraska
81%
Orange Syracuse
79%
Bruins UCLA
79%
Demon Deacons Wake Forest
79%
Buffaloes Colorado
76%
Commodores Vanderbilt
76%
Yellow Jackets Georgia Tech
75%
Ragin' Cajuns Louisiana
75%
Terrapins Maryland
75%
Red Raiders Texas Tech
75%
Cyclones Iowa State
74%
Lobos New Mexico
74%
Aztecs San Diego State
74%
Green Wave Tulane
74%
Golden Bears California
73%
Scarlet Knights Rutgers
71%
Zips Akron
69%
Hokies Virginia Tech
69%
Black Knights Army
68%
Thundering Herd Marshall
68%
Rams Colorado State
65%
Roadrunners UTSA
64%
49ers Charlotte
63%
Cavaliers Virginia
63%
Mean Green North Texas
62%
Hilltoppers Western Kentucky
62%
Chanticleers Coastal Carolina
55%
Golden Flashes Kent State
55%
Chippewas Central Michigan
52%
Flames Liberty
51%
Monarchs Old Dominion
49%
Dukes James Madison
48%
Golden Hurricane Tulsa
46%
Jaguars South Alabama
39%
No matching quizzes found
Score Distribution
Percent of People with Each Score
Percentile by Number Answered
Your Score History
You have not taken this quiz